MARC

LEADER 00000nam0a2200000 4500
001 295567
005 20231102000824.0
020 |a RU  |b 84-1542 
035 |a (RuTPU)RU\TPU\book\320655 
090 |a 295567 
100 |a 20150523d1983 m y0rusy5003 ca 
101 0 |a rus 
102 |a RU 
105 |a a z 000zy 
200 1 |a Мир творят люди  |f В. А. Матвеев 
210 |a Москва  |c Известия  |d 1983 
215 |a 175 с.  |c ил. 
606 1 |a Мирное сосуществование  |2 stltpush  |3 (RuTPU)RU\TPU\subj\44084  |9 63458 
610 1 |a движение сторонников мира 
610 1 |a войны 
610 1 |a борьба за мир 
610 1 |a ядерное разоружение 
610 1 |a история 
610 1 |a 20 век 
686 |a Ф4(0)30  |2 rubbk 
700 1 |a Матвеев  |b В. А.  |g Викентий Александрович  |4 070 
801 0 |a RU  |b RuMRKP  |c 19950704  |g psbo 
801 1 |a RU  |b 63413507  |c 20150523 
801 2 |a RU  |b 63413507  |c 20161227  |g RCR 
942 |c BK